00283nam a22000857a 4500082001600000245012500016260003800141300001000179563000800189 a349.42bENG aEnglish Legal System:b2000-2001 LLB Examination Questions and Suggested Solutions /cSolutions by Vickneswaren Krishnan aLondon:bOld Bailey Press,c2002. a66 p. aPB.